[Event "Eq:Los Tercios-chibcha : "]
[Site "www.chess-mail.com"]
[Date "2015.12.10"]
[Round "1"]
[White "Ericleo1980"]
[Black "Tbsundar"]
[WhiteElo "2340"]
[BlackElo "2070"]
[Result "1-0"]
[Round "1"]
1.e4 e5
2.Ng1f3 Nb8c6
3.Bf1b5 a6
4.Bb5a4 Ng8f6
5.O-O b5
6.Ba4b3 Bf8e7
7.Rf1e1 d6
8.c3 h6
9.h3 O-O
10.d4 Nf6d7
11.a4 b4
12.a5 Be7f6
13.d5 Nc6e7
14.cxb4 Ne7g6
15.Nb1d2 Ra8b8
16.Ra1a4 Ng6f4
17.Nd2c4 Nf4g6
18.Nc4e3 Rf8e8
19.Ne3f5 Ng6f4
20.Qd1c2 Nd7f8
21.Bc1d2 Nf8g6
22.Nf5g3 Bc8d7
23.Ra4a1 Bd7b5
24.Bb3c4 Qd8d7
25.Ng3f5 Kh7
26.Ra1c1 Re8c8
27.Bc4xb5 Qd7xb5
28.Bd2xf4 Ng6xf4
29.Re1e3 Qb5xb4
30.Qc2c3 Qb4xb2
31.Qc3xb2 Rb8xb2
32.Nf5xd6 Rc8d8
33.Nd6xf7 Rd8d7
34.Nf7xe5 Rd7e7
35.Ne5c6 Re7e8
36.Kf1 Rb2a2
37.Rc1b1 Bf6b2
38.Nf3e1 Re8f8
39.Ne1d3  { time }
1-0

[Event "Fast Game"]
[Site "www.echecsemail.com"]
[Date "2015.12.10"]
[Round "1"]
[White "Maredocla"]
[Black "Fkarpov"]
[WhiteElo "1860"]
[BlackElo "1850"]
[Result "0-1"]
[Round "1"]
1.f4 e6
2.Ng1f3 Bf8e7
3.e3 Ng8h6
4.Bf1b5 O-O
5.d4 c6
6.Bb5a4 b5
7.Ba4b3 d6
8.a3 f6
9.O-O a5
10.a4 d5
11.Nb1c3 b4
12.Nc3e2 Nb8d7
13.c4 c5
14.cxd5 Nd7b6
15.dxc5 Nb6xd5
16.Bb3xd5 exd5
17.Qd1d4 Bc8a6
18.Rf1e1 Ra8c8
19.Ne2g3 Be7xc5
20.Qd4d2 Rf8e8
21.Nf3d4 Ba6c4
22.b3 Bc5xd4
23.Qd2xd4 Bc4xb3
24.Bc1b2 Rc8c4
25.Qd4d3 Bb3c2
26.Qd3d2 Qd8d7
27.Re1c1 Bc2xa4
28.Bb2d4 Rc4xc1
29.Ra1xc1 Ba4b3
30.Rc1a1 Qd7c7
31.Qd2d3 a4
32.h3 Re8c8
33.Ng3h5 Qc7f7
34.g4 Rc8c4
35.Kg2 Bb3c2
36.Qd3d2 Bc2e4
37.Kg1 b3
38.Qd2a5 Rc4xd4
39.exd4 b2
40.Qa5xa4 bxa1Q
41.Qa4xa1 Qf7b7
42.Qa1a4 Qb7b1
43.Kf2 Qb1b2
44.Kg3 Qb2g2
45.Kh4 g5
46.fxg5 Nh6f5
{ resign }
0-1

[Event "Fast Game"]
[Site "www.echecsemail.com"]
[Date "2015.12.10"]
[Round "1"]
[White "Maredocla"]
[Black "Manolinex"]
[WhiteElo "1890"]
[BlackElo "2059"]
[Result "0-1"]
[Round "1"]
1.g3 e5
2.Bf1g2 d5
3.Nb1c3 d4
4.Nc3b1 Ng8f6
5.e3 Bc8g4
6.Bg2f3 Bg4xf3
7.Qd1xf3 e4
8.Qf3g2 Nb8c6
9.b3 d3
10.cxd3 Nc6b4
11.dxe4 Nb4c2
12.Kd1 Qd8d3
13.Nb1c3 Nc2xa1
14.Ng1e2 O-O-O
15.Ne2d4 Rd8xd4
16.exd4 Bf8b4
17.Bc1b2 Bb4xc3
18.Bb2xc3 Nf6xe4
19.f4 Ne4xc3
20.Ke1 Na1c2
21.Kf2 Qd3xd2
22.Kf3 Nc2xd4
{ resign }
0-1

[Event "Tourn. n8430"]
[Site "www.chess-mail.com"]
[Date "2015.12.11"]
[Round "1"]
[White "Bojan"]
[Black "Osopanda"]
[WhiteElo "2030"]
[BlackElo "1850"]
[Result "1-0"]
[Round "1"]
1.c3 d5
2.Ng1f3 c5
3.d4 cxd4
4.Nf3xd4 e5
5.Nd4c2 Nb8c6
6.Nb1d2 Ng8f6
7.e3 Bf8d6
8.h3 O-O
9.a3 Bc8f5
10.f3 Nf6h5
11.e4 dxe4
12.Rh1g1 exf3
13.Qd1xf3 Nh5f4
14.Nc2e3 Bf5e6
15.Ne3c4 Bd6c7
16.Nd2e4 Be6d5
17.g3 f5
18.gxf4 Bd5xe4
19.Qf3g3 Qd8e7
20.fxe5 Nc6xe5
21.Bc1f4 Ne5d3
22.Bf1xd3 Be4xd3
23.Nc4e3 Bc7xf4
24.Qg3xf4 Ra8e8
25.Kd2 Re8d8
26.Ra1e1 Bd3b5
27.Kc1 Rd8d3
28.Ne3xf5 Qe7d7
29.Rg1f1 Kh8
30.Re1e5 Qd7c7
31.Rf1f2 Rf8d8
32.Nf5d4 h6
33.Re5xb5 Qc7xf4
34.Rf2xf4 b6
35.h4 Rd3g3
36.Kc2 g5
37.hxg5 hxg5
38.Rf4f7 a6
39.Rb5xb6 a5
40.Rb6b7 Rg3h3
41.Rf7g7 a4
42.Rg7xg5 Rd8f8
43.Rg5g2 Rf8f1
44.Rg2e2 Rf1f6
45.Rb7a7 Kg8
46.Re2e8 Rf6f8
47.Re8xf8 Kxf8
48.Ra7xa4 Ke7
49.Ra4a6 Kd7
50.Ra6c6 Rh3h2
51.Kb3 Rh2h4
52.Rc6c4 Rh4h8
53.a4 Rh8b8
54.Rc4b4 { resign }
1-0

[Event "Tourn. n8456"]
[Site "www.chess-mail.com"]
[Date "2015.12.11"]
[Round "1"]
[White "Jackbauer"]
[Black "Farnation"]
[WhiteElo "1399"]
[BlackElo "1280"]
[Result "1-0"]
[Round "1"]
1.e4 e5
2.f4 exf4
3.Ng1f3 Qd8e7
4.Nb1c3 Qe7e5
5.Nf3xe5 Bf8d6
6.d4 c5
7.Ne5f3 cxd4
8.Nf3xd4 Ng8f6
9.Nd4f5 Bd6f8
10.Bc1xf4 Bf8b4
11.Nf5xg7 Kf8
12.Ng7f5  { time }
1-0

[Event "Tourn. n8445"]
[Site "www.chess-mail.com"]
[Date "2015.12.11"]
[Round "1"]
[White "Farnation"]
[Black "Bjonil60"]
[WhiteElo "1300"]
[BlackElo "1180"]
[Result "0-1"]
[Round "1"]
1.Ng1f3 Nb8c6
2.e4 e5
3.d3 Ng8f6
4.Nf3g5 h6
5.Ng5f3 a6
6.d4 d6
7.dxe5 dxe5
8.Bf1c4 b5
9.Bc4b3 Nf6xe4
10.O-O Ne4c5
11.Qd1e1 f6
12.Nf3xe5 Nc6xe5
 { time }
0-1

[Event "Tourn. n8465"]
[Site "www.chess-mail.com"]
[Date "2015.12.11"]
[Round "1"]
[White "Goosebumps"]
[Black "Liencam2"]
[WhiteElo "1990"]
[BlackElo "2300"]
[Result "1/2-1/2"]
[Round "1"]
1.e4 c5
2.c3 d5
3.exd5 Ng8f6
4.d4 Qd8xd5
5.Bc1e3 Bc8g4
6.Qd1a4 Bg4d7
7.Qa4c4 cxd4
8.Qc4xd5 Nf6xd5
9.Be3xd4 Nb8c6
10.Ng1f3 Nc6xd4
11.Nf3xd4 e5
12.Nd4f3 f6
13.Nb1d2 a5
14.Ra1d1 Nd5f4
15.g3 Nf4h3
16.Nd2e4 Bd7c6
17.Bf1xh3 Bc6xe4
18.Bh3g2 Bf8e7
19.O-O Be4c6
20.Rf1e1 Kf7
21.Rd1d2 Rh8d8
22.Re1d1 Ke6
23.Bg2h3 f5
24.Nf3e1 g6
25.Bh3g2 e4
26.Ne1c2 Rd8xd2
27.Rd1xd2 Be7g5
28.Rd2d1 Bc6d5
29.b3 b5
30.f3 Ra8c8
31.fxe4 fxe4
32.Nc2d4 Ke5
33.Nd4xb5 Rc8f8
34.c4 Bg5e3
35.Kh1 Bd5c6
36.Nb5c3 Rf8f2
37.Rd1e1 Be3d2
38.Nc3xe4 Rf2xg2
39.Ne4xd2 Kf5
40.Re1f1 Ke6
41.Nd2f3 Rg2xa2
42.Kg1 Kd6
43.Nf3h4 Ra2b2
44.Rf1a1 Rb2xb3
45.Ra1xa5 Rb3b1
46.Kf2 Rb1b2
47.Kg1 Rb2b1
48.Kf2 { draw }
1/2-1/2

[Event "Tourn. n8448"]
[Site "www.chess-mail.com"]
[Date "2015.12.11"]
[Round "1"]
[White "Boyc"]
[Black "Takfarov"]
[WhiteElo "1610"]
[BlackElo "1619"]
[Result "0-1"]
[Round "1"]
1.e4 e6
2.d4 d5
3.Nb1d2 Ng8f6
4.e5 Nf6d7
5.Bf1d3 c5
6.c3 Nb8c6
7.Ng1e2 Qd8b6
8.Nd2f3 cxd4
9.cxd4 Bf8b4
10.Bc1d2 Bb4xd2
11.Qd1xd2 Qb6b4
12.Ra1c1 Qb4xd2
13.Nf3xd2 O-O
14.O-O f6
15.f4 f5
16.Bd3b5 Nd7b8
17.a3 a6
18.Bb5d3 Bc8d7
19.Nd2b3 b6
20.Rc1c3 Rf8c8
21.Rf1c1 Nc6e7
22.Rc3xc8 Ne7xc8
23.h3 Nb8c6
24.g3 Nc8e7
 { time }
0-1

[Event "Tourn. n8456"]
[Site "www.chess-mail.com"]
[Date "2015.12.11"]
[Round "1"]
[White "Farnation"]
[Black "Powerchess"]
[WhiteElo "1280"]
[BlackElo "1390"]
[Result "0-1"]
[Round "1"]
1.e4 c5
2.Ng1f3 d6
3.d3 Nb8c6
4.Nb1c3 g6
5.Nc3d5 Bf8g7
6.Bc1g5 h6
7.Bg5h4 g5
8.Nf3xg5 hxg5
 { time }
0-1

[Event "Tourn. n8468"]
[Site "www.chess-mail.com"]
[Date "2015.12.11"]
[Round "1"]
[White "Alvarin111"]
[Black "Louis"]
[WhiteElo "1990"]
[BlackElo "1830"]
[Result "0-1"]
[Round "1"]
1.e4 c6
2.d4 d5
3.e5 Bc8f5
4.Bf1d3 Bf5xd3
5.Qd1xd3 e6
6.Ng1f3 Qd8a5
7.Bc1d2 Qa5a6
8.O-O Qa6xd3
9.cxd3 Nb8d7
10.Nb1c3 Ng8e7
11.a4 Ne7g6
12.Nc3d1 c5
13.Bd2c3 Ng6f4
14.Nf3e1 Nf4e2
15.Kh1 cxd4
16.Bc3d2 Ra8c8
17.f4 Nd7c5
18.Rf1f2 Nc5b3
19.Ra1a2 Ne2c1
20.Bd2xc1 Rc8xc1
21.h3 Rc1xd1
22.Rf2e2 Bf8b4
{ resign }
0-1

[Event "Tourn. n8464"]
[Site "www.chess-mail.com"]
[Date "2015.12.11"]
[Round "1"]
[White "Yangqi"]
[Black "Wwgia"]
[WhiteElo "2550"]
[BlackElo "2220"]
[Result "1-0"]
[Round "1"]
1.e4 c5
2.Ng1f3 Nb8c6
3.Bf1b5 g6
4.Bb5xc6 dxc6
5.d3 Bf8g7
6.h3 e5
7.Nb1c3 Qd8e7
8.Bc1e3 Ng8f6
9.Qd1d2 h6
10.O-O Nf6d7
11.a3 Nd7f8
12.b4 Nf8e6
13.Nc3e2 Ne6d4
14.Nf3h2 Nd4xe2
15.Qd2xe2 cxb4
16.axb4 Qe7xb4
17.Be3xa7 O-O
18.Ba7c5 Qb4xc5
19.Ra1xa8 Bc8e6
20.Rf1a1 Rf8xa8
21.Ra1xa8 Kh7
22.Nh2f3 b5
23.Qe2d2 Qc5e7
24.Qd2a5 g5
25.Qa5d8 Qe7c5
26.Qd8g8 Kg6
27.h4 { resign }
1-0

[Event "Tourn. n8454"]
[Site "www.chess-mail.com"]
[Date "2015.12.11"]
[Round "1"]
[White "Yangqi"]
[Black "Wwgia"]
[WhiteElo "2550"]
[BlackElo "2200"]
[Result "1-0"]
[Round "1"]
1.e4 c5
2.d4 cxd4
3.c3 d3
4.Bf1xd3 g6
5.c4 Bf8g7
6.Ng1f3 Nb8c6
7.O-O d6
8.h3 Ng8f6
9.Nb1c3 O-O
10.Qd1e2 Bc8e6
11.Bc1e3 Qd8a5
12.Nc3d5 Be6xd5
13.cxd5 Nc6b4
14.Bd3b1 Rf8c8
15.a3 Nb4a6
16.b4 Qa5d8
17.Bb1c2 Na6c7
18.Ra1c1 Qd8d7
19.a4 e5
20.b5 Nf6h5
21.Rf1e1 Nc7e8
22.Qe2d2 a6
23.Bc2d3 Nh5f4
24.Be3xf4 exf4
25.Qd2xf4 Ne8f6
26.Rc1xc8 Ra8xc8
27.bxa6 bxa6
28.Bd3xa6 { resign }
1-0

[Event "Tourn. n8494"]
[Site "www.chess-mail.com"]
[Date "2015.12.11"]
[Round "1"]
[White "Faerieking"]
[Black "Liencam2"]
[WhiteElo "2270"]
[BlackElo "2340"]
[Result "1/2-1/2"]
[Round "1"]
1.e4 c5
2.d4 cxd4
3.c3 dxc3
4.Nb1xc3 Nb8c6
5.Bf1c4 e6
6.Ng1f3 a6
7.O-O Ng8e7
8.Bc1g5 h6
9.Bg5e3 Ne7g6
10.Bc4b3 Bf8e7
11.Nc3a4 Qd8a5
12.Na4b6 Ra8b8
13.Ra1c1 d6
14.Qd1e2 O-O
15.Rf1d1 Nc6e5
16.Nf3xe5 Ng6xe5
17.f4 Ne5d7
18.Nb6c4 Qa5b5
19.Qe2d2 d5
20.exd5 exd5
21.Nc4e5 Nd7f6
22.Bb3xd5 Nf6xd5
23.Qd2xd5 Qb5xd5
24.Rd1xd5 Bc8e6
25.Rd5d1 Rb8c8
26.a3 { draw }
1/2-1/2

[Event "Tourn. n8523"]
[Site "www.chess-mail.com"]
[Date "2015.12.11"]
[Round "1"]
[White "Guidom"]
[Black "Piekki"]
[WhiteElo "2040"]
[BlackElo "1800"]
[Result "1-0"]
[Round "1"]
1.e4 e5
2.Ng1f3 Nb8c6
3.Bf1b5 a6
4.Bb5a4 Ng8f6
5.O-O Bf8e7
6.d3 O-O
7.Ba4xc6 dxc6
8.Nf3xe5 { resign }
1-0

[Event "Tourn. n8426"]
[Site "www.chess-mail.com"]
[Date "2015.12.11"]
[Round "1"]
[White "Julian"]
[Black "Jftgalloso"]
[WhiteElo "1770"]
[BlackElo "1710"]
[Result "1-0"]
[Round "1"]
1.e4 e6
2.d4 c5
3.c3 a6
4.Ng1f3 d6
5.Bf1d3 cxd4
6.cxd4 Nb8d7
7.O-O Qd8c7
8.Nb1c3 Ng8f6
9.e5 dxe5
10.dxe5 Nd7xe5
11.Nf3xe5 Qc7xe5
12.Rf1e1 Qe5c7
13.Bc1g5 Bf8e7
14.Ra1c1 Qc7a5
15.Bg5f4 Qa5h5
16.Qd1a4 Bc8d7
17.Qa4b3 g5
18.Bf4g3 b5
19.Bd3e2 Qh5g6
20.Be2f3 Ra8c8
21.Nc3e4 Rc8xc1
22.Ne4xf6 Be7xf6
23.Re1xc1 O-O
24.Qb3d1 Rf8d8
25.Qd1e2 Rd8c8
26.Rc1xc8 Bd7xc8
27.Bf3e4 Qg6h6
28.Qe2c2 Bc8d7
29.h3 Qh6h5
30.f3 Bf6d4
31.Kh2  { time }
1-0

[Event "Tourn. n8472"]
[Site "www.chess-mail.com"]
[Date "2015.12.11"]
[Round "1"]
[White "Goosebumps"]
[Black "Cardiff"]
[WhiteElo "2060"]
[BlackElo "1890"]
[Result "1/2-1/2"]
[Round "1"]
1.e4 c5
2.Ng1f3 Nb8c6
3.d4 cxd4
4.Nf3xd4 g6
5.Bc1e3 Bf8g7
6.Nb1c3 d6
7.Bf1b5 Bc8d7
8.Bb5xc6 bxc6
9.Qd1d2 Ra8b8
10.Ra1b1 Ng8f6
11.h3 O-O
12.O-O c5
13.Nd4f3 Bd7c6
14.Nc3d5 Nf6xe4
15.Qd2d3 Bc6xd5
16.Qd3xd5 Ne4f6
17.Qd5c4 Rb8b4
18.Qc4a6 Qd8d7
19.Rf1d1 Qd7c7
20.c3 Rb4b7
21.b4 cxb4
22.cxb4 Nf6d7
23.a4 Nd7b6
24.Rd1c1 Qc7d7
25.a5 Nb6d5
26.Be3d2 Rb7c7
27.Qa6d3 { draw }
1/2-1/2

[Event "Tourn. n8470"]
[Site "www.chess-mail.com"]
[Date "2015.12.11"]
[Round "1"]
[White "Dulap"]
[Black "Gatrooper"]
[WhiteElo "1680"]
[BlackElo "1550"]
[Result "1-0"]
[Round "1"]
1.e4 e5
2.Ng1f3 Nb8c6
3.Bf1c4 d6
4.d4 Bc8e6
5.d5 Be6xd5
6.Bc4xd5 h6
7.Nb1c3 Ng8f6
8.Bd5b3 Nc6d4
9.Nf3xd4 exd4
10.Qd1xd4 a6
11.O-O Bf8e7
12.Nc3d5 Nf6xd5
13.Qd4xd5 O-O
14.Bc1f4 c6
15.Qd5d2 d5
16.exd5 cxd5
17.Qd2xd5 Qd8xd5
18.Bb3xd5 Ra8d8
19.Bd5xb7 Rd8d4
20.Bf4e3 Rd4d7
21.Bb7xa6 Be7f6
22.Ra1b1 Rf8a8
23.Ba6b5 Rd7e7
24.a4 Ra8c8
25.c4 Bf6e5
26.Rf1e1 Be5f6
27.a5 Rc8a8
28.a6 Bf6e5
29.Be3f4 f6
30.Bf4g3 Ra8a7
31.Bg3xe5 fxe5
32.Rb1d1 g6
33.Rd1d6 e4
34.c5 e3
35.fxe3 g5
36.Rd6xh6 Re7g7
37.Bb5c4 Kf8
38.Re1f1 Ke7
39.Rf1f5 Kd7
40.Rf5f7 Rg7xf7
41.Bc4xf7 g4
42.Rh6b6 Ke7
43.Bf7h5 Kf8
44.b4 Kg7
45.Rb6b7 Ra7xb7
46.axb7 { resign }
1-0

[Event "Tourn. n8519"]
[Site "www.chess-mail.com"]
[Date "2015.12.11"]
[Round "1"]
[White "Badshahc"]
[Black "Caspito"]
[WhiteElo "1649"]
[BlackElo "1800"]
[Result "1-0"]
[Round "1"]
1.d4 Ng8f6
2.c4 g6
3.Nb1c3 Bf8g7
4.e4 d6
5.Ng1f3 Nb8d7
6.Bf1e2 O-O
7.O-O c6
8.Bc1e3 Qd8c7
9.Nf3e1 b6
10.f3 e5
11.d5 c5
12.b3 a6
13.Ne1d3 Nf6h5
14.Qd1d2 Ra8b8
15.g4 Nh5f4
16.Nd3xf4 exf4
17.Be3xf4 Nd7e5
18.h3 Qc7d7
19.Bf4g3 Qd7e7
20.f4 Ne5d7
21.Ra1e1 Bg7d4
22.Kh2 Nd7f6
23.Be2d3 Bc8xg4
24.hxg4 Nf6xg4
25.Kh3 Ng4h6
26.e5 b5
27.f5 g5
28.f6 { resign }
1-0

[Event "Tourn. n8480"]
[Site "www.chess-mail.com"]
[Date "2015.12.11"]
[Round "1"]
[White "Malbertan"]
[Black "Pariolinius"]
[WhiteElo "2060"]
[BlackElo "1990"]
[Result "1-0"]
[Round "1"]
1.e4 d6
2.d4 Ng8f6
3.Nb1c3 g6
4.h4 Bf8g7
5.h5 Nf6xh5
6.Rh1xh5 gxh5
7.Qd1xh5 Nb8d7
8.Bf1c4 e6
9.Ng1f3 Nd7f6
10.Qh5g5 Rh8g8
11.Qg5h4 Bc8d7
12.e5 dxe5
13.dxe5 Bd7c6
14.exf6 Qd8xf6
15.Bc1g5 Qf6g6
16.Bc4d3 f5
17.O-O-O Rg8f8
18.Nc3e2 Bg7f6
19.Bg5xf6 Qg6xf6
20.Qh4xh7 O-O-O
21.Qh7h4 Qf6g7
22.Nf3g5 Bc6d7
23.f4 Rf8h8
24.Qh4f2 Kb8
25.Bd3c4 Qg7f6
26.Ne2d4 Rh8e8
27.Ng5f3 c5
28.Nd4b3 b6
29.Nf3e5 Re8e7
30.Qf2f3 Qf6g7
31.Bc4a6 { resign }
1-0

[Event "Match"]
[Site "www.echecsemail.com"]
[Date "2015.12.11"]
[Round "1"]
[White "Stevep84"]
[Black "Cardiff"]
[WhiteElo "2170"]
[BlackElo "1780"]
[Result "1/2-1/2"]
[Round "1"]
1.e4 e6
2.d4 d5
3.Nb1c3 Ng8f6
4.Bc1g5 dxe4
5.Nc3xe4 Bf8e7
6.Bg5xf6 Be7xf6
7.Ng1f3 O-O
8.c3 b6
9.Bf1d3 Bc8b7
10.Qd1c2 Nb8d7
11.O-O-O g6
12.h4 h5
13.Rd1g1 Bf6g7
14.g4 hxg4
15.Rg1xg4 Bb7xe4
16.Bd3xe4 Nd7f6
17.Rg4g2 Nf6xe4
18.Qc2xe4 Qd8d5
19.Qe4xd5 exd5
20.Rh1g1 Ra8e8
21.h5 Re8e6
22.hxg6 Re6xg6
23.Rg2xg6 fxg6
24.Nf3e5 Bg7xe5
25.dxe5 Kg7
{ draw }
1/2-1/2

[Event "Match"]
[Site "www.echecsemail.com"]
[Date "2015.12.11"]
[Round "1"]
[White "Forest"]
[Black "Billyg"]
[WhiteElo "1570"]
[BlackElo "1640"]
[Result "1-0"]
[Round "1"]
1.Ng1f3 d5
2.d4 e6
3.e3 f6
4.c4 Nb8c6
5.Nb1c3 e5
6.cxd5 Nc6b4
7.a3 Bc8g4
8.axb4 Qd8e7
9.Bf1b5 c6
10.dxc6 Ra8b8
11.c7 { resign }
1-0

[Event "Match"]
[Site "www.echecsemail.com"]
[Date "2015.12.11"]
[Round "1"]
[White "Azulmarino"]
[Black "Sagara1977"]
[WhiteElo "1740"]
[BlackElo "1660"]
[Result "0-1"]
[Round "1"]
1.e4 e5
2.Ng1f3 Qd8f6
3.d3 h6
4.Bc1e3 Nb8c6
5.Nb1c3 Bf8b4
6.Be3d2 Bb4xc3
7.Bd2xc3 d6
8.Bf1e2 g5
9.d4 Bc8g4
10.dxe5 dxe5
11.h3 Ra8d8
12.Be2d3 Bg4xf3
13.gxf3 Ng8e7
14.Qd1e2 O-O
15.Rh1g1 Rd8d6
16.h4 Ne7g6
17.hxg5 hxg5
18.O-O-O Rf8d8
19.Rg1h1 Ng6f4
20.Qe2f1 a6
21.Bc3d2 Nc6d4
22.Bd2b4 Rd6b6
23.Bb4c3 Nd4xf3
24.Bd3e2 g4
25.Be2xf3 gxf3
26.Qf1g1 Kf8
27.Rd1xd8 Qf6xd8
28.Rh1h8 Ke7
29.Rh8xd8 Nf4e2
30.Kb1 Ne2xg1
31.Rd8d1 Ng1h3
32.Rd1d3 Nh3g5
33.Bc3xe5 Rb6h6
34.Be5f4 Rh6h1
35.Bf4c1 Kf6
36.b3 Rh1f1
37.Rd3d2 Ng5xe4
38.Rd2d3 Rf1xf2
39.Bc1e3 Rf2f1
40.Be3c1 f2
41.Kb2 Rf1e1
42.Rd3f3 Kg6
43.Bc1e3 Re1xe3
44.Rf3xf2 Ne4xf2
{ resign }
0-1

[Event "Match"]
[Site "www.echecsemail.com"]
[Date "2015.12.11"]
[Round "1"]
[White "Billyg"]
[Black "Cal"]
[WhiteElo "1640"]
[BlackElo "1299"]
[Result "1-0"]
[Round "1"]
1.e4 e5
2.Ng1f3 d6
3.Bf1b5 c6
4.Bb5a4 b5
5.Ba4b3 h6
6.d4 exd4
7.Nf3xd4 Ng8f6
8.Nb1d2 Bf8e7
9.O-O O-O
10.c4 bxc4
11.Bb3c2 d5
12.e5 Nf6d7
13.Nd2f3 Bc8a6
14.Rf1e1 Be7c5
15.Bc1e3 Qd8e7
16.Nd4f5 Qe7e6
17.Be3xc5 Nd7xc5
18.Nf5d4 Nb8d7
19.Nd4xe6 fxe6
20.b3 c3
21.Qd1d4 Rf8f5
22.Bc2xf5 exf5
23.e6 Nc5xe6
24.Re1xe6 c2
25.Re6e7 Nd7f6
26.Ra1c1 Ra8d8
27.Rc1xc2 Rd8f8
28.Rc2xc6 Ba6b5
29.Rc6c7 Bb5d7
30.Rc7xd7 a5
31.Re7xg7 Kh8
32.Rg7h7 { resign }
1-0

[Event "Match"]
[Site "www.echecsemail.com"]
[Date "2015.12.11"]
[Round "1"]
[White "Wagner"]
[Black "Trazyne"]
[WhiteElo "1680"]
[BlackElo "1499"]
[Result "0-1"]
[Round "1"]
1.Ng1f3 d5
2.d4 Ng8f6
3.Nb1c3 Bc8f5
4.h3 e6
5.Nf3e5 Bf8b4
6.g4 Bf5e4
7.f3 Be4g6
8.e4 dxe4
9.Bc1g5 Nb8d7
10.Bf1b5 c6
11.Bb5a4 Qd8a5
12.Ba4b3 Nd7xe5
13.dxe5 Qa5xe5
14.Bg5d2 exf3
15.Kf1 Qe5g3
16.Rh1h2 Qg3xh2
17.Qd1xf3 Qh2xd2
18.Ra1d1 Qd2g5
19.Nc3b5 Qg5xb5
20.c4 Qb5c5
21.a3 Bb4a5
22.Rd1c1 O-O
{ resign }
0-1

[Event "Eq:Slap Shot Mates-La Taverne : "]
[Site "www.chess-mail.com"]
[Date "2015.12.11"]
[Round "1"]
[White "Gilliere"]
[Black "Leswamp"]
[WhiteElo "1830"]
[BlackElo "2200"]
[Result "0-1"]
[Round "1"]
1.e4 e6
2.Ng1f3 c5
3.d4 cxd4
4.Qd1xd4 Nb8c6
5.Qd4d1 Ng8f6
6.Nb1c3 Bf8b4
7.Bc1g5 Bb4xc3
8.bxc3 h6
9.Bg5xf6 Qd8xf6
10.Nf3d4 Qf6e5
11.Bf1e2 Qe5xe4
12.O-O O-O
13.Be2d3 Qe4d5
14.Nd4xc6 Qd5xc6
15.c4 b6
16.a4 Bc8b7
17.f3 Bb7a6
18.Bd3e4 Qc6c5
19.Kh1 d5
20.cxd5 Ba6xf1
21.Qd1xf1 exd5
22.Be4d3 Rf8e8
23.h3 Qc5c3
24.Kh2 Re8e3
25.Ra1e1 Re3xe1
{ resign }
0-1

[Event "Tourn. n8474"]
[Site "www.chess-mail.com"]
[Date "2015.12.12"]
[Round "1"]
[White "Glenno"]
[Black "Aperturaf"]
[WhiteElo "2320"]
[BlackElo "2450"]
[Result "1-0"]
[Round "1"]
1.e4 e6
2.d4 d5
3.Nb1c3 Ng8f6
4.Bc1g5 Bf8b4
5.e5 h6
6.Bg5d2 Bb4xc3
7.bxc3 Nf6e4
8.Qd1g4 Kf8
9.Bf1d3 Ne4xd2
10.Kxd2 c5
11.Ng1f3 c4
12.Bd3e2 Qd8a5
13.Rh1b1 b5
14.a3 Nb8c6
15.Qg4f4 Bc8d7
16.Ra1a2 Nc6e7
17.h3 Ra8e8
18.Be2f1  { time }
1-0

[Event "Tourn. n8486"]
[Site "www.chess-mail.com"]
[Date "2015.12.12"]
[Round "1"]
[White "Cristiano"]
[Black "Mitja"]
[WhiteElo "2180"]
[BlackElo "1970"]
[Result "1/2-1/2"]
[Round "1"]
1.f4 d5
2.Ng1f3 e6
3.d3 c6
4.e3 Ng8f6
5.Bf1e2 Bf8e7
6.Nb1c3 Nb8d7
7.Bc1d2 b6
8.a3 Bc8b7
9.h3 c5
10.O-O h6
11.d4 c4
12.b3 cxb3
13.cxb3 Nf6e4
14.Bd2e1 O-O
15.b4 Nd7f6
16.Be2d3 Ne4xc3
17.Be1xc3 Nf6e4
18.Bc3e1 f5
19.Ra1c1 Ra8c8
20.a4 Rc8xc1
21.Qd1xc1 Qd8b8
22.Nf3e5 Rf8c8
23.Qc1b2 Qb8d6
24.Bd3xe4 dxe4
25.g3 Be7f6
26.Be1c3 Bf6xe5
27.fxe5 Qd6c6
28.Rf1c1 Qc6xa4
29.Bc3d2 Rc8xc1
30.Qb2xc1 Qa4d7
31.Qc1b2 g5
32.Bd2e1 Kg7
33.b5 Kg6
34.Qb2b4 Kf7
35.h4 g4
36.Qb4d6 Qd7xd6
37.exd6 Ke8
38.Be1b4 h5
39.Kf2 Kd7
40.Ke2 a6
41.bxa6 Bb7xa6
42.Kd2 Kc6
43.Bb4a3 Ba6c8
44.Kc3 Bc8d7
45.Kc4 b5
46.Kc3 Kd5
47.Ba3c5 Kc6
48.Kd2 Kd5
49.Kc3 Kc6
50.Bc5b4 Kd5
{ draw }
1/2-1/2

[Event "Tourn. n8394"]
[Site "www.chess-mail.com"]
[Date "2015.12.12"]
[Round "1"]
[White "Julian"]
[Black "Coraza"]
[WhiteElo "1830"]
[BlackElo "1710"]
[Result "1-0"]
[Round "1"]
1.e4 e5
2.Ng1f3 Nb8c6
3.d4 Bf8b4
4.c3 Bb4a5
5.Bf1d3 d6
6.O-O Ng8f6
7.Bc1g5 h6
8.Bg5d2 Bc8g4
9.h3 Bg4h5
10.b4 Ba5b6
11.a4 Qd8d7
12.a5 Bb6xd4
13.cxd4 a6
14.b5 Nc6e7
15.dxe5 dxe5
16.Qd1e2 Ra8d8
17.Bd3c4 O-O
18.Bd2b4 axb5
19.Bc4xb5 c6
20.Bb5c4 Ne7g6
21.g3 Bh5xf3
22.Qe2xf3 Rf8e8
23.Nb1d2 Qd7xh3
24.Qf3g2 Qh3c8
25.Rf1d1 c5
26.Bb4c3 Qc8c7
27.Nd2f1 Qc7c6
28.Bc4d5 Nf6xd5
29.exd5 Qc6d6
30.Nf1e3 e4
31.Ne3f5 Qd6d7
32.Nf5xg7 Re8e7
33.Ng7h5 Kf8
34.Bc3g7 Kg8
35.Bg7xh6 Qd7d6
36.Bh6g5 f6
37.Nh5xf6 Kg7
38.Nf6h5 Kf7
39.Bg5xe7 Qd6xe7
40.Rd1e1 Qe7e5
41.Nh5f4 Ng6h4
42.gxh4 Qe5xf4
43.Re1xe4 Qf4f6
44.Ra1e1 Rd8g8
45.Re4e7 Kf8
46.Re7e8 Kf7
47.Qg2xg8 { resign }
1-0

[Event "Tourn. n8444"]
[Site "www.chess-mail.com"]
[Date "2015.12.12"]
[Round "1"]
[White "Jose"]
[Black "Wwgia"]
[WhiteElo "2690"]
[BlackElo "2200"]
[Result "1-0"]
[Round "1"]
1.Ng1f3 Ng8f6
2.e3 c5
3.b3 g6
4.Bc1b2 Bf8g7
5.c4 O-O
6.Bf1e2 Nb8c6
7.O-O Rf8e8
8.d4 cxd4
9.Nf3xd4 d5
10.cxd5 Nf6xd5
11.Nd4xc6 bxc6
12.Qd1c1 Bc8f5
13.Bb2xg7 Kxg7
14.Be2f3 Bf5d7
15.Rf1d1 Qd8a5
16.Nb1d2 f6
17.a3 Ra8c8
18.b4 Qa5c7
19.Nd2b3 e5
20.Nb3c5 Nd5b6
21.Ra1a2 Bd7f5
22.e4 Bf5e6
23.Nc5xe6 Re8xe6
24.Bf3g4 f5
25.exf5 Re6f6
26.fxg6 Rc8f8
27.Ra2d2 hxg6
28.Rd2d7 { resign }
1-0

[Event "Tourn. n8507"]
[Site "www.chess-mail.com"]
[Date "2015.12.12"]
[Round "1"]
[White "Obisporey"]
[Black "Faerieking"]
[WhiteElo "2630"]
[BlackElo "2240"]
[Result "1-0"]
[Round "1"]
1.e4 d5
2.exd5 Ng8f6
3.Ng1f3 Bc8g4
4.c4 e6
5.Nb1c3 exd5
6.cxd5 Nb8d7
7.d4 Bf8b4
8.Qd1e2 Bb4e7
9.h3 Bg4h5
10.g4 Bh5g6
11.g5 Nf6h5
12.Nf3h4 O-O
13.Qe2g4 f5
14.Qg4g2 Nd7b6
15.Nh4xg6 hxg6
16.a3 Be7d6
17.Qg2f3 f4
18.h4 Qd8e7
19.Kd1 Ra8e8
20.Bc1d2 c6
21.dxc6 bxc6
22.Bf1d3 Qe7f7
23.Qf3xc6 Bd6b8
24.Qc6xg6 { resign }
1-0

[Event "Tourn. n8507"]
[Site "www.chess-mail.com"]
[Date "2015.12.12"]
[Round "1"]
[White "Jpmartinez"]
[Black "Faerieking"]
[WhiteElo "2490"]
[BlackElo "2240"]
[Result "1-0"]
[Round "1"]
1.e4 d5
2.exd5 Ng8f6
3.Ng1f3 Bc8g4
4.Bf1b5 Nb8d7
5.h3 Bg4h5
6.Nb1c3 a6
7.Bb5e2 Nd7b6
8.d4 Nb6xd5
9.Nc3xd5 Qd8xd5
10.c4 Qd5d7
11.O-O Bh5xf3
12.Be2xf3 O-O-O
13.Qd1b3 c6
14.d5 cxd5
15.cxd5 Kb8
16.Bc1f4 Ka8
17.Qb3b6 Nf6xd5
18.Bf3xd5 Qd7xd5
19.Bf4e3 { resign }
1-0

[Event "Tourn. n8431"]
[Site "www.chess-mail.com"]
[Date "2015.12.12"]
[Round "1"]
[White "Tartan"]
[Black "Cathar"]
[WhiteElo "2460"]
[BlackElo "2250"]
[Result "1/2-1/2"]
[Round "1"]
1.d4 Ng8f6
2.c4 e6
3.Nb1c3 Bf8b4
4.Qd1c2 d5
5.a3 Bb4xc3
6.Qc2xc3 dxc4
7.Qc3xc4 b6
8.Ng1f3 Bc8a6
9.Qc4c2 Nb8d7
10.Bc1f4 O-O
11.e4 Ba6xf1
12.Kxf1 c5
13.dxc5 Nd7xc5
14.Ra1d1 Qd8c8
15.e5 Nf6d5
16.Nf3g5 Qc8a6
17.Kg1 Nc5d3
18.Bf4g3 Ra8c8
19.Qc2b1 h6
20.h4 hxg5
21.hxg5 g6
22.Rd1xd3 Rc8c4
23.Rh1h4 Rc4xh4
24.Bg3xh4 Nd5f4
25.Rd3e3 Nf4e2
26.Kh2 Qa6c4
27.Qb1e4 { draw }
1/2-1/2

[Event "Tourn. n8415"]
[Site "www.chess-mail.com"]
[Date "2015.12.12"]
[Round "1"]
[White "Caspito"]
[Black "Falcoale"]
[WhiteElo "1810"]
[BlackElo "1910"]
[Result "1-0"]
[Round "1"]
1.e4 c5
2.b3 e6
3.Bc1b2 Ng8f6
4.e5 Nf6d5
5.c3 Nb8c6
6.d4 cxd4
7.cxd4 Bf8b4
8.Nb1d2 Qd8b6
9.Ng1f3 Nd5c3
10.Nd2c4 Qb6c7
11.Qd1d3 Nc3d5
12.Nc4d2 O-O
13.Nf3g5 g6
14.Qd3h3 h5
15.a3 Bb4e7
16.Ng5e4 f5
17.Ne4c3 Nc6xd4
18.Bf1d3 Nd5xc3
19.O-O b6
20.Nd2c4 Nc3e2
21.Bd3xe2 Nd4xe2
22.Kh1 Ne2f4
23.Qh3g3 Kh7
24.Qg3xf4 Bc8b7
25.Ra1c1 Qc7d8
26.b4 Be7g5
27.Qf4d4 Bg5xc1
28.Bb2xc1 Bb7a6
29.Rf1e1 Ra8c8
30.Nc4d6 Rc8b8
31.a4 Ba6b7
32.Qd4e3 Bb7d5
33.Qe3h6 Kg8
34.Qh6xg6 Kh8
35.Nd6f7 Rf8xf7
36.Qg6xf7 Qd8g8
37.Qf7xh5 Qg8h7
38.Bc1h6 Rb8g8
39.f3 Rg8g6
40.Re1c1 Bd5b7
41.Rc1c7 Bb7c6
42.Rc7c8 Rg6g8
43.Rc8xg8 Qh7xg8
44.Bh6g5 Qg8h7
45.Bg5f6 { time. }
1-0

[Event "Tourn. n8507"]
[Site "www.chess-mail.com"]
[Date "2015.12.12"]
[Round "1"]
[White "Seger"]
[Black "Jpmartinez"]
[WhiteElo "2740"]
[BlackElo "2490"]
[Result "0-1"]
[Round "1"]
1.e4 c5
2.g3 d5
3.exd5 Qd8xd5
4.d3 Qd5xh1
5.Ng1f3 Bc8g4
6.Nb1d2 Nb8c6
7.h3 Bg4xh3
8.Nf3g5 Bh3xf1
9.Nd2xf1 e6
10.Qd1f3 Qh1xf3
11.Ng5xf3 Ng8f6
12.Ke2 Bf8e7
{ resign }
0-1